| 000 | 00752nam a2200277Ia 4500 | ||
|---|---|---|---|
| 001 | Para_8762 | ||
| 003 | CHAP | ||
| 008 | 220125s1999 xx 000 0 und d | ||
| 010 | _a206647 | ||
| 040 | _cCHAP | ||
| 082 | _aPA 635 A539 | ||
| 100 |
_aAnaya Rosales, Socorro _95512 |
||
| 245 |
_aHortalizas : _b plagas y enfermedades / _c por Socorro Anaya Rosales |
||
| 260 |
_aMéxico, D.F. : _b Trillas |
||
| 300 | _a544 p. | ||
| 503 | _aC/e (ej.1) \ C/e (ej.2) | ||
| 650 |
_aLegumbres _x enfermedades _965709 |
||
| 650 |
_aLegumbres _x plagas _965768 |
||
| 901 | _aPA 635 A539 | ||
| 902 | _aM | ||
| 905 | _a0000001999 a 0000000000 00 | ||
| 910 | _a1999 | ||
| 942 | _cPARA | ||
| 942 |
_cPARA _d1 |
||
| 999 |
_c206647 _d206647 |
||